Nueva crónica y buen gobierno / (Record no. 8651)

000 -CABECERA
fixed length control field 01030nam a22002537a 4500
003 - IDENTIFICADOR DEL NÚMERO DE CONTROL
control field AR-CdUCM
008 - DATOS DE LONGITUD FIJA--INFORMACIÓN GENERAL
fixed length control field 190325b ||||| |||| 00| 0 spa d
020 ## - NÚMERO INTERNACIONAL ESTÁNDAR DEL LIBRO
ISBN 978-612-4045-42-4
040 ## - FUENTE DE LA CATALOGACIÓN
Agencia/entidad que catalogó originalmente la obra MUNICIPALIDAD PROVINCIAL DEL CUSCO
Entidad que transcribió la catalogación BIBLIOTECA MUNICIPAL DEL CUSCO
082 ## - NÚMERO DE LA CLASIFICACIÓN DECIMAL DEWEY
No. de Clasificación 086.985 /
Notacion interna H83
100 ## - ENTRADA PRINCIPAL--NOMBRE DE PERSONA
Nombre Personal Huamán Poma de Ayala, Felipe
245 ## - MENCIÓN DE TÍTULO
Título Nueva crónica y buen gobierno /
260 ## - PUBLICACIÓN, DISTRIBUCIÓN, ETC.
Lugar de publicación, distribución, etc. Lima :
Nombre de la editorial, distribuidor, etc. Ministerio de Relaciones Exteriores del Perú,
Fecha de publicación, distribución, etc. 2017.
300 ## - DESCRIPCIÓN FÍSICA
Nº de Páginas Extensión 3 tomos ,
Otros detalles físicos Imágenes,
Dimensiones 22 cm.
440 ## - MENCIÓN DE SERIE/PUNTO DE ACCESO ADICIONAL--TÍTULO
Título Colección Bicentenario
9 (RLIN) 24185
505 ## - NOTA DE CONTENIDO CON FORMATO
Nota de contenido formateada Contenido: T.1: Transcripción paleográfica del texto original - Indice alfabético -- T.2: Texto modernizado - Abreviaturas en las notas -- T.3: Imágenes de crónicas.
650 ## - PUNTO DE ACCESO ADICIONAL DE MATERIA--TÉRMINO DE MATERIA
Descriptor Época Prehispánica.
9 (RLIN) 2714
650 ## - PUNTO DE ACCESO ADICIONAL DE MATERIA--TÉRMINO DE MATERIA
Descriptor Descubrimiento y Conquista, 1522-1536
9 (RLIN) 19348
650 ## - PUNTO DE ACCESO ADICIONAL DE MATERIA--TÉRMINO DE MATERIA
Descriptor Crónicas.
9 (RLIN) 44045
650 ## - PUNTO DE ACCESO ADICIONAL DE MATERIA--TÉRMINO DE MATERIA
Descriptor Guerras Civiles, 1537-1555
9 (RLIN) 7381
700 ## - PUNTO DE ACCESO ADICIONAL--NOMBRE DE PERSONA
Nombre Personal Aranibar, Carlos (edicion y notas)
9 (RLIN) 24186
942 ## - ELEMENTOS DE PUNTO DE ACCESO ADICIONAL (KOHA)
Fuente de clasificación
Tipo de item Libros-BMC
945 ## - PROCESAMIENTO DE INFORMACIÓN LOCAL (OCLC)
Catalogador davv
Holdings
Estado de retiro (separado) Fuente de clasificación o esquema de estanterías Estado dañado Ubicación Sala donde se ubica Nombre de la colección Fecha de adquisición o compra Costo, precio normal en soles Signatura topográfica Código de Barras Última vez visto (Koha) Tipo de ítem (Koha)
No     Sala Humanidades Sala Humanidades Book Cart 2019-03-25 150.00 086.985 / H83 / t.1 SH0000009379 2019-03-25 Libros-BMC
No     Sala Humanidades Sala Humanidades Book Cart 2019-10-23   086.985 / H83 / t.1 / e.2 SH0000009652 2019-10-23 Libros-BMC
No     Sala Humanidades Sala Humanidades Book Cart 2019-10-23   086.985 / H83 / t.2 SH0000009891 2019-10-23 Libros-BMC
No     Sala Humanidades Sala Humanidades Book Cart 2019-10-23   086.985 / H83 / t.2 / e.2 SH0000009493 2019-10-23 Libros-BMC
No     Sala Humanidades Sala Humanidades Book Cart 2019-10-23   086.985 / H83 / t.3 SH0000009892 2019-10-23 Libros-BMC
No     Sala Humanidades Sala Humanidades Book Cart 2019-10-23   086.985 / H83 / t.3 / e.2 SH0000009494 2019-10-23 Libros-BMC

Powered by Koha